000 01676nab a2200253 i 4500
001 768714001
003 CO-MdFUSB
005 20240503115053.0
008 180926s2007 ag ||||| |||| 00| 0 eng d
022 _a1669-8649
040 _aCO-MdFUSB
_bspa
_cCO-MdFUSB
_dCO-MdFUSB
041 _aeng
100 1 _aSalinas, Daniel
_eautor
245 1 4 _aThe beginnings of the Fraternidad Teológica Latinoamericana
_b: courage to grow
_c/ Daniel Salinas
300 _aVolumen 2, número 1 (2007), páginas 8-143
_c: 20 cm
506 _aDaniel Salinas es docente de Teología Latinoamericana en la Fundación Universitaria Seminario Bíblico de Colombia.
520 _aEsta es la historia de un grupo de personas que fueron capaces de romper el control del pasado abriendo nuevos horizontes para la gente latinoamericana. Esta es sobre un grupo de teólogos latinoamericanos activos en la producción teológica en Latinoamérica durante 1970. Este desarrollo teológico llegó a ser punto para la historia de la iglesia continental, y su influencia se extendió más allá de sus fronteras para inquietar otros evangélicos de todo el mundo. Esta es, una historia que espera ser contada
546 _aTexto en inglés
650 0 _aTeología práctica
_9180
773 0 _049416
_976852
_dBuenos Aires, Argentina
_oR1643
_tJournal of Latin American Theology :
_w(CO-MdFUSB)118
_x1669-8949
_gVolumen 2, número 1 (2007), páginas 8-143
_qPágina 8
773 0 _049416
_982397
_dBuenos Aires, Argentina
_oR1738
_tJournal of Latin American Theology :
_w(CO-MdFUSB)118
_x1669-8949
_gVolumen 2, número 1 (2007), páginas 8-143
_qPágina 8
942 _cANA
945 _aKatherine, practicante SENA
999 _c64575
_d64575